Manual de economía política. Texto auxiliar para la enseñanza del ramo

Salvato in:
Dettagli Bibliografici
Autori principali: Izquierdo Araya, Guillermo (Autore), Gandarillas M., Guillermo (Autore)
Natura: Libro
Lingua:spagnolo
Pubblicazione: Santiago Lord Cochrane 1961
Edizione:9a. ed
Soggetti:
Tags: Aggiungi Tag
Nessun Tag, puoi essere il primo ad aggiungerne!!

MARC

LEADER 00000nam a2200000 a 4500
001 UCI4393
003 CL-VaPUC
008 080118e19610000CL |||||||||||||||||spa|d
082 0 4 |a 330  |b IZQ  |2 21 
100 |a Izquierdo Araya, Guillermo  |e author  |9 544392 
700 0 |a Gandarillas M., Guillermo  |e author  |9 526292 
245 1 0 |a Manual de economía política. Texto auxiliar para la enseñanza del ramo 
250 |a 9a. ed 
300 |a 388 p 
942 |c BK 
945 |d 20080118 00:00:00  |a rbrito 
260 |a Santiago  |b Lord Cochrane  |c 1961 
500 |a Donación Padres Capuchinos 
650 0 |a Economía política  |9 255814 
650 7 |a SISTEMAS MONETARIOS  |2 CL-VaPUC  |9 342366 
650 0 |a Crédito  |9 256211 
650 7 |a INSTITUCIONES FINANCIERAS  |2 CL-VaPUC  |9 257940 
650 7 |a CONSUMISMO  |2 CL-VaPUC  |9 526293 
650 0 |a Política económica   |9 255029 
650 0 |a Ahorro  |9 351157 
583 |a last modification  |c 20080118 00:00:00  |k Rodrigo Vera 
999 |c 328335  |d 328333 
952 |0 0  |1 0  |4 0  |6 330_000000000000000_IZQ_1961  |7 0  |8 X  |9 412199  |a FDOBUD  |b FDOBUD  |d 2019-11-22  |i 4402537  |o 330 IZQ 1961  |p 4402537  |r 2019-11-22  |w 2019-11-22  |y BK_X  |k BUD